Contemporary Logistics/ (Record no. 167578)

MARC details
000 -LEADER
fixed length control field 00642nam a22002057a 4500
005 - DATE AND TIME OF LATEST TRANSACTION
control field 20190912154341.0
010 ## - LCCN (DPL NO)
LC control number ENG-126462
020 ## - INTERNATIONAL STANDARD BOOK NUMBER
Terms of availability 400.00
International Standard Book Number 978-93-530-6973-5
035 ## - SYSTEM CONTROL NUMBER
System control number EN-109994
037 ## - SOURCE OF ACQUISITION
Source of stock number/acquisition DBAD/PUB
082 ## - DEWEY DECIMAL CLASSIFICATION NUMBER
Classification number 658.5
100 ## - MAIN ENTRY--PERSONAL NAME
Personal name Murphy,Paul R.
245 ## - TITLE STATEMENT
Title Contemporary Logistics/
Statement of responsibility, etc Paul R. Murphy [and] A. Michael Knemeyer
250 ## - EDITION STATEMENT
Edition statement Twelfth Edition
260 ## - PUBLICATION, DISTRIBUTION, ETC. (IMPRINT)
Place of publication, distribution, etc U.P
Name of publisher, distributor, etc Pearson
Date of publication, distribution, etc 2019
270 ## - ADDRESS
City Noida
Address 15th Floor, Tower-B,World Trade Tower,Plot No. 1, Block-C, Sector 16,,
Postal code 201301
300 ## - PHYSICAL DESCRIPTION
Extent 312p.
Dimensions 25cm(pbk)
Other physical details ill
700 ## - ADDED ENTRY--PERSONAL NAME
Personal name Knemeyer, A. Michael
942 ## - ADDED ENTRY ELEMENTS (KOHA)
Source of classification or shelving scheme Dewey Decimal Classification
Item type English Books
Classification part 658.5
Call number suffix MUR
Holdings
Withdrawn status Lost status Not for loan Collection code Home library Current library Date acquired Source of acquisition Cost, normal purchase price Full call number Barcode Copy number Cost, replacement price Koha item type
      Non-fiction D.B.Act.Division Mobile Library 12/09/2019 DBAD/PUB 400.00 658.5 MUR EN-109994 1 400.00 English Books

© Delhi Public Library
Hit Counter
free hit counter